000
00303nam a22001337a 4500
008
181018b xxu||||| |||| 00| 0 eng d
020
_a
0805396136
041
_a
eng
080
_2
4 ed
_a
573
100
_a
12
101
_a
BIO
245
_a
Molecular Biology Of Gene
_c
Watson.h
942
_2
udc
_c
BK
999
_c
50141
_d
50141